01088 a2200169 45000010006000000050017000060080041000230030015000640400040000790800056001192450053001752640028002283000024002565050579002801000030008597000029008892520320260407155535.0260407a1955 arg spa dAR-UNSa-BCEJYS aAR-UNSa-BCEJYSbspacAR-UNSa-BCEJYS a519.2xProbabilidades y estadística matemática 10aIntroducción a la teoría de la estadística 1aMadrid :bAguilarc1955 axix, 437 p.c21 cm. a1. Introducción - 2. Probabilidad y métods combinatorios - 3. Distribuciones discretas - 4. Distribuciones de variables continuas - 5. Valores esperados y momentos - 6. Distribuciones continuas especiales - 7. Muestreo - 8. Estimación puntual - 9. Distribución normal multivariante - 10. Distribuciones en el muestreo - 11. Estimación por intervalos - 12. Docimasia de hipótesis - 13. Regresión e hipótesis lineales - 14. Diseños experimenatles y análisis de la varianza - 15. Dócima sucesionales de hipótesis - 16. Métodos a libre distribución.1 aMood, Alexander McFarlane1 aAzorín Poch, Francisco